Star Trek: the Original Series episodes - Statistics

General Stats
  • This quiz has been taken 103 times
  • The average score is 48 of 79
Answer Stats
Hint Answer % Correct
October 27, 1966 Miri
90%
Unaired pilot The Cage
90%
September 15, 1966 Charlie X
88%
November 17 & 24, 1966 The Menagerie (Parts 1 and 2)
88%
April 6, 1967 The City on the Edge of Forever
83%
December 29, 1967 The Trouble with Tribbles
83%
September 15, 1967 Amok Time
81%
September 20, 1968 Spock's Brain
81%
February 2, 1967 Court Martial
76%
November 17, 1967 Journey to Babel
76%
June 3, 1969 Turnabout Intruder
76%
September 22, 1966 Where No Man Has Gone Before
76%
October 20, 1967 The Doomsday Machine
71%
January 12, 1967 The Squire of Gothos
71%
December 22, 1967 Wolf in the Fold
71%
April 13, 1967 Operation: Annihilate!
69%
October 13, 1966 Mudd's Women
67%
October 13, 1967 The Apple
67%
September 8, 1966 The Man Trap
67%
September 29, 1966 The Naked Time
67%
February 9, 1967 The Return of the Archons
67%
September 22, 1967 Who Mourns for Adonais?
67%
October 11, 1968 And the Children Shall Lead
64%
January 12, 1968 A Piece of the Action
64%
March 15, 1968 Bread and Circuses
64%
October 6, 1967 Mirror, Mirror
64%
November 22, 1968 Plato's Stepchildren
64%
January 26, 1967 Tomorrow is Yesterday
64%
January 19, 1967 Arena
62%
December 15, 1966 Balance of Terror
62%
October 27, 1967 Catspaw
62%
November 1, 1968 Day of the Dove
62%
December 1, 1967 Friday's Child
62%
November 3, 1967 I, Mudd
62%
December 8, 1966 The Conscience of the King
62%
November 10, 1966 The Corbomite Maneuver
62%
March 9, 1967 The Devil in the Dark
62%
October 4, 1968 The Paradise Syndrome
62%
November 15, 1968 The Tholian Web
62%
December 15, 1967 Obsession
60%
February 9, 1968 Return to Tomorrow
60%
October 25, 1968 Spectre of the Gun
60%
October 6, 1966 The Enemy WIthin
60%
September 27, 1968 The Enterprise Incident
60%
January 5, 1967 The Galileo Seven
60%
March 14, 1969 All Our Yesterdays
57%
February 2, 1968 A Private Little War
57%
March 23, 1967 Errand of Mercy
57%
February 16, 1968 Patterns of Force
57%
February 28, 1969 The Cloud Minders
57%
December 6, 1968 The Empath
57%
March 2, 1967 This Side of Paradise
57%
October 20, 1966 What Are Little Girls Made Of?
57%
March 29, 1968 Assignment: Earth
55%
November 8, 1968 For the World is Hollow and I Have Touched the Sky
55%
February 16, 1967 Space Seed
55%
September 29, 1967 The Changeling
55%
January 31, 1969 The Lights of Zetar
55%
December 20, 1968 Elaan of Troyius
52%
December 29, 1967 Shore Leave
52%
January 5, 1968 The Gamesters of Triskelion
52%
January 19, 1968 The Immunity Syndrome
52%
March 8, 1968 The Ultimate Computer
52%
February 23, 1968 By Any Other Name
50%
November 3, 1966 Dagger of the Mind
50%
November 10, 1967 Metamorphosis
50%
December 8, 1967 The Deadly Years
50%
March 1, 1968 The Omega Glory
50%
November 29, 1968 Wink of an Eye
50%
February 23, 1967 A Taste of Armageddon
48%
October 18, 1968 Is There in Truth No Beauty?
48%
January 17, 1969 The Mark of Gideon
48%
February 21, 1969 The Way to Eden
45%
January 10, 1969 Let That Be Your Last Battlefield
40%
February 14, 1969 Requiem for Methuselah
40%
January 24, 1969 That Which Survives
40%
March 30, 1967 The Alternative Factor
38%
March 7, 1969 The Savage Curtain
31%
January 3, 1969 Whom Gods Destroy
31%
No matching quizzes found
Score Distribution
Percent of People with Each Score
Percentile by Number Answered
Your Score History
You have not taken this quiz